| 000 | 01018nam a22002177a 4500 | ||
|---|---|---|---|
| 003 | AR-RoUNCS | ||
| 005 | 20260212112645.0 | ||
| 008 | 240731s2000 ag ||||| |||| 00| 0 spa d | ||
| 020 | _a84-95594-17-X | ||
| 040 | _cAR-RoUNCS | ||
| 080 | _082-21(430) | ||
| 100 | 1 |
_aGoethe, Johann Wolfgang von, _d1749-1832 _eautor |
|
| 245 | 1 | 0 |
_aFausto / _cJ. W. Goethe. |
| 260 |
_aBuenos Aires : _bSol 90, _c2000. |
||
| 300 |
_a202 p. ; _c21 cm. |
||
| 490 | 0 |
_aBiblioteca de la Literatura Universal ; _v23. |
|
| 520 | 3 | _aEl escritor alemán Johann Wolfgang von Goethe constituye, sin duda, una de las claves mayores de la literatura moderna. Puente entre el clasicismo y el romanticismo, en su obra se entrecruzan las lúcidas tradiciones del racionalismo y la entonces recién avisorada nocturnidad del yo, plena de pasiones, apetencias y sueños. El Fausto es el texto que consagró universalmente a Goethe. (Nota del editor) | |
| 650 | 7 |
_2embne _aLiteratura alemana |
|
| 655 | 7 |
_2embne _aTragedias _xTeatro |
|
| 942 |
_2udc _cOG _n0 |
||
| 999 |
_c277 _d277 |
||